Udržiavanie finančnej stability podniku plánovaním hotovosti
Charakteristika krátkodobého finančného plánovania v podniku. Plánovanie hotovosti - ilustratívny príklad. Plán predaja. Plán inkasa pohľadávok. Prvotný plán hotovosti. Plánovanie zabezpečenia dodatočnej potreby hotovosti.
Gespeichert in:
| 1. Verfasser: | |
|---|---|
| Format: | Buchkapitel |
| Sprache: | Slowakisch |
| Schlagworte: | |
| Tags: |
Keine Tags, Fügen Sie das erste Tag hinzu!
|
MARC
| LEADER | 00000naa$a2200000$$$4500 | ||
|---|---|---|---|
| 001 | 0204332 | ||
| 005 | 20240502073418.3 | ||
| 041 | 0 | |a slo | |
| 044 | |a SK | ||
| 245 | 1 | 0 | |a Udržiavanie finančnej stability podniku plánovaním hotovosti |c Alena Tóthová |
| 520 | |a Charakteristika krátkodobého finančného plánovania v podniku. Plánovanie hotovosti - ilustratívny príklad. Plán predaja. Plán inkasa pohľadávok. Prvotný plán hotovosti. Plánovanie zabezpečenia dodatočnej potreby hotovosti. | ||
| 610 | 2 | 0 | |a plánovanie finančné |
| 610 | 2 | 0 | |a plán finančný |
| 610 | 2 | 0 | |a stabilita finančná |
| 610 | 2 | 0 | |a podnik |
| 610 | 2 | 0 | |a hotovosť |
| 610 | 2 | 0 | |a predaj |
| 610 | 2 | 0 | |a pohľadávky |
| 100 | 1 | |a Tóthová, Alena, 1968- | |